000 00485nam a2200157Ia 4500
005 20250424120246.0
008 250424s9999 xx 000 0 und d
022 _a11167238
050 _aHN 831 .A4/
245 0 _aInternational journal of social & policy issues
260 _bDevelopment Universal Consortia
260 _c2011
300 _av. : ill., maps ; 25 cm.
650 _aNigeria--Social conditions--Periodicals. Nigeria--Economic conditions--Periodicals.
942 _cSR
999 _c38291
_d38291